00374nam a2200133Ia 4500003000400000005001700004008004100021040000900062082002000071100002000091245006600111260005400177300000900231OSt20200519133629.0190216s9999||||xx |||||||||||||| ||und|| coclc a305.6971bABE/J aAbedin, Syed Z  0aJournal Institute Of Muslim Minority Affairs /cSyed Z Abedin bInstitute Of Muslim Minority Affairs,c1976.aUK: a592p